| 000 | 00342nam a22001337u 4500 | ||
|---|---|---|---|
| 008 | 130405s1972 xxu||||| |||| 00| 0 spa d | ||
| 041 | _aspa | ||
| 245 | 0 | 0 |
_aSacerdotes ¿De qué Iglesia? _b:Once testimonios... |
| 260 |
_aMadrid: _bStudium, _c1972 |
||
| 300 |
_a175 p. _c;21 cm. |
||
| 650 | 0 | 4 |
_aSacramentos _913766 |
| 942 | _cBK | ||
| 001 | 33397 | ||
| 999 |
_c290770 _d290770 |
||